Complex variables and the Laplace transform for engineers (Record no. 13856)

000 -LEADER
fixed length control field 00606nam a22002051 4500
001 - CONTROL NUMBER
control field 13856
003 - CONTROL NUMBER IDENTIFIER
control field BD-DhUET
008 - FIXED-LENGTH DATA ELEMENTS--GENERAL INFORMATION
fixed length control field 840622s1961 nyua b 000 0 eng
040 ## - CATALOGING SOURCE
Original cataloging agency DLC
Transcribing agency DLC
Modifying agency BD-DhUET
082 00 - DEWEY DECIMAL CLASSIFICATION NUMBER
Classification number 517.862
Item number LEP/1961
100 ## - MAIN ENTRY--PERSONAL NAME
Personal name LePage, Wilbur R.
245 10 - TITLE STATEMENT
Title Complex variables and the Laplace transform for engineers
250 ## - EDITION STATEMENT
Edition statement 1st ed.
260 ## - PUBLICATION, DISTRIBUTION, ETC. (IMPRINT)
Place of publication, distribution, etc. Bombay
Name of publisher, distributor, etc. McGraw-Hill
Date of publication, distribution, etc. 1961
300 ## - PHYSICAL DESCRIPTION
Extent xvi, 475 p.
Other physical details ill.
Dimensions 24 cm.
490 ## - SERIES STATEMENT
Series statement International series in pure and applied mathematics
504 ## - BIBLIOGRAPHY, ETC. NOTE
Bibliography, etc Includes bibliographies
650 #0 - SUBJECT ADDED ENTRY--TOPICAL TERM
Topical term or geographic name as entry element Calculus - Complex variables
942 ## - ADDED ENTRY ELEMENTS (KOHA)
Koha item type General Book
Holdings
Price effective from Shelving location Lost status Not for loan Piece designation (barcode) Koha full call number Withdrawn status Date acquired Location (home branch) Source of classification or shelving scheme Sublocation or collection (holding branch) Copy number Koha item type Damaged status Koha date last seen Koha normalized classification for sorting
2015-03-05Circulation section  40116517.862/LEP/1961 2015-03-05Central Library, BUET Central Library, BUET1General Book 2015-03-05517_862000000000000_LEP_1961
2015-03-05Circulation section  24385517.862/LEP/1961 2015-03-05Central Library, BUET Central Library, BUET2General Book 2015-03-05517_862000000000000_LEP_1961
2015-03-07Circulation section  6374517.862/LEP/1961 2015-03-07Central Library, BUET Central Library, BUET3General Book 2015-03-07517_862000000000000_LEP_1961
2015-03-07Circulation section  51027517.862/LEP/1961 2015-03-07Central Library, BUET Central Library, BUET4General Book 2015-03-07517_862000000000000_LEP_1961
2015-03-07Circulation section  20963517.862/LEP/1961 2015-03-07Central Library, BUET Central Library, BUET5General Book 2015-03-07517_862000000000000_LEP_1961
2015-03-07Circulation section  42659517.862/LEP/1961 2015-03-07Central Library, BUET Central Library, BUET6General Book 2015-03-07517_862000000000000_LEP_1961
2015-03-07Circulation section  40115517.862/LEP/1961 2015-03-07Central Library, BUET Central Library, BUET7General Book 2015-03-07517_862000000000000_LEP_1961
2015-03-07Circulation section  39671517.862/LEP/1961 2015-03-07Central Library, BUET Central Library, BUET8General Book 2015-03-07517_862000000000000_LEP_1961
2015-03-07Circulation section  39670517.862/LEP/1961 2015-03-07Central Library, BUET Central Library, BUET9General Book 2015-03-07517_862000000000000_LEP_1961
2015-03-07Circulation section  42660517.862/LEP/1961 2015-03-07Central Library, BUET Central Library, BUET10General Book 2015-03-07517_862000000000000_LEP_1961
2015-03-09Circulation section  42661517.862/LEP/1961 2015-03-09Central Library, BUET Central Library, BUET11General Book 2015-03-09517_862000000000000_LEP_1961
2015-03-09Circulation section  51026517.862/LEP/1961 2015-03-09Central Library, BUET Central Library, BUET12General Book 2015-03-09517_862000000000000_LEP_1961
2015-05-03Circulation section  2039517.862/LEP/1961 2015-05-03Central Library, BUET Central Library, BUET13General Book 2015-05-03517_862000000000000_LEP_1961
2015-05-03Circulation section  6375517.862/LEP/1961 2015-05-03Central Library, BUET Central Library, BUET14General Book 2015-05-03517_862000000000000_LEP_1961
2015-05-03Circulation section  2041517.862/LEP/1961 2015-05-03Central Library, BUET Central Library, BUET15General Book 2015-05-03517_862000000000000_LEP_1961
2015-05-03Circulation section  2040517.862/LEP/1961 2015-05-03Central Library, BUET Central Library, BUET16General Book 2015-05-03517_862000000000000_LEP_1961